000 00429nam a2200181Ia 4500
005 20240823062357.0
008 240823s9999||||xx |||||||||||||| ||und||
041 _aENGLISH
082 _A621.3 M4
100 _a"Smith,Parker"
245 0 _aProblems in Electrical Engineering
250 _a1st
260 _c1984
_b"CBS,Delhi"
500 _aTRANSFERED
650 _aElectrical
_bElectrical
942 _cBK
999 _c235730
_d235730